Hỏi-đáp về đồ gá

Guardat en:
Dades bibliogràfiques
Autor principal: Trần Đình Phi
Format: Llibre
Idioma:Undetermined
Publicat: Hà Nội Lao động 1977
Matèries:
Etiquetes: Afegir etiqueta
Sense etiquetes, Sigues el primer a etiquetar aquest registre!
Thư viện lưu trữ: Trung tâm Học liệu Trường Đại học Cần Thơ
LEADER 00458nam a2200169Ia 4500
001 CTU_11727
008 210402s9999 xx 000 0 und d
082 |a 671.5 
082 |b Ph300 
100 |a Trần Đình Phi 
245 0 |a Hỏi-đáp về đồ gá 
245 0 |c Trần Đình Phi 
260 |a Hà Nội 
260 |b Lao động 
260 |c 1977 
650 |a metal-work 
980 |a Trung tâm Học liệu Trường Đại học Cần Thơ